00935nam a2200253 i 45000010005000000030009000050050017000140070003000310080041000340200018000750800044000931000026001372450131001632500012002942600039003063000022003454900021003676000053003887000038004418300043004798520022005229990015005449520122005597727ES-MaACL20231114062524.0t|910324s1990 sp |||| |bspa d a84-322-0626-1 a929 Austria, Juan de, (1545-1578)(0:82)1 aZeise, Franz.911815213aLa Armada b: Don Juan de Austria : vida de un ambicioso / cFranz Zeise ; traducción del alemán por Ana Mª de la Fuente. a1ª ed. aBarcelona : bSeis Barral, c1990. a191 p. ; c20 cm.1 aBiblioteca breve14aAustria, Juan de (d1545-1578)-vNovelas.9239671 aFuente, Ana María de la.9528310 aBiblioteca breve (Seix Barral)9227188 aES-MaACLjL-15012 c7727d7727 00104070aATENEOMbATENEOMcDEPO2d2008-01-17eSCl0oL-15012p1007881r2023-02-23 00:00:00w2023-02-23yMONOGRAFIA